MARC

LEADER 00000nam0a2200000 4500
001 302238
005 20231102001501.0
035 |a (RuTPU)RU\TPU\book\327435 
090 |a 302238 
100 |a 20150820d1983 km y0rusy50 ca 
101 0 |a rus 
102 |a RU 
105 |a a z 001zy 
200 1 |a Методы морского геоморфологического картографирования  |f А. Н. Ласточкин 
210 |a Ленинград  |c Недра  |d 1982 
215 |a 272 с.  |c ил. 
320 |a Библиогр.: с. 267-270 
606 1 |a Морское дно  |x Рельеф  |2 stltpush  |3 (RuTPU)RU\TPU\subj\44469  |9 63790 
610 1 |a морская геология 
610 1 |a геоморфология 
610 1 |a геоморфологическое картирование 
610 1 |a методы 
610 1 |a рельефообразование 
610 1 |a уклоны 
610 1 |a подводный рельеф 
610 1 |a генетическая интерпретация 
610 1 |a морфоструктура 
610 1 |a районирование 
675 |a 551.462  |v 4 
700 1 |a Ласточкин  |b А. Н.  |g Александр Николаевич 
801 1 |a RU  |b 63413507  |c 20150820 
801 2 |a RU  |b 63413507  |c 20190404  |g RCR 
942 |c BK